[Event "9. Miedzynardowy Turniej Klubu Polonia Wroclaw<br/>Turniej OPEN"]
[Site "Wroclaw"]
[Date "2014-07-05"]
[Round "1.25"]
[White "Dytman, Radoslaw"]
[Black "White, John"]
[Result "1/2-1/2"]
[WhiteTitle "II"]
[BlackTitle "II+"]
[WhiteElo "1231"]
[BlackElo "1973"]

1. e4 e5 2. Nf3 Nc6 3. Bc4 Nf6 4. Nc3 Be7 5. d3 O-O 6. O-O d6 7. h3 Na5 8. Bb3
Nxb3 9. axb3 c6 10. Be3 a6 11. Qd2 Re8 12. Na4 Nd7 13. d4 b5 14. Nc3 Bb7 15. Nd1
Qc7 16. dxe5 Nxe5 17. Nxe5 dxe5 18. Qd7 Qb8 19. Nc3 Bf6 20. Rad1 Rd8 21. Qg4 Rxd1
22. Rxd1 Bc8 23. Qg3 Be6 24. f4 exf4 25. Bxf4 Qa7+ 26. Be3 Qb8 27. Qd6 Qxd6 28.
Rxd6 Rc8 29. Kf2 Be5 30. Rd1 f6 31. Kf3 Kf7 32. Bd4 Bc7 33. Bc5 Rd8 34. Rxd8 Bxd8
35. Bd6 Bb6 36. h4 h5 37. e5 Bg4+ 38. Kf4 Ke6 39. Bb8 Bd4 40. exf6 gxf6 1/2-1/2

[Event "9. Miedzynardowy Turniej Klubu Polonia Wroclaw<br/>Turniej OPEN"]
[Site "Wroclaw"]
[Date "2014-07-05"]
[Round "1.26"]
[White "Dzikowski, Michal"]
[Black "Dadello, Barbara"]
[Result "1-0"]
[WhiteTitle "I"]
[BlackTitle "II+"]
[WhiteElo "1968"]
[BlackElo "1172"]

1. b3 e5 2. Bb2 Nc6 3. e3 d5 4. Bb5 Bd6 5. Nf3 Qe7 6. d4 e4 7. Ne5 Bxe5 8. dxe5
Qe6 9. c4 Nge7 10. Nc3 Qxe5 11. cxd5 a6 12. dxc6 axb5 13. cxb7 Bxb7 14. Qc2 O-O
15. O-O Rfd8 16. Ne2 Qe6 17. Qxc7 Qd7 18. Qc3 f6 19. Nd4 Rac8 20. Qb4 Bc6 21.
Rfc1 Qb7 22. Qe1 Nd5 23. a3 Qd7 24. Qe2 Kh8 25. Rc5 Qd6 26. Rac1 Bb7 27. Rxc8
Rxc8 28. Rxc8+ Bxc8 29. Qxb5 Qd7 30. Qc5 h6 31. h3 Bb7 32. a4 Qc7 33. Qxc7 Nxc7
34. b4 Kg8 35. Kf1 Kf7 36. Ke2 Ke7 37. Kd2 Kd7 38. Ba3 Ne6 39. Kc3 Bd5 40. Nf5
Kc6 41. Ne7+ Kd6 42. b5+ Ke5 43. a5 Nc7 44. Kb4 Kd6 45. Ka4+ Ke6 46. b6 Na6 47.
Nxd5 Kxd5 48. Kb5 Nb8 49. a6 Nd7 50. a7 1-0

[Event "9. Miedzynardowy Turniej Klubu Polonia Wroclaw<br/>Turniej OPEN"]
[Site "Wroclaw"]
[Date "2014-07-05"]
[Round "1.27"]
[White "Molenda, Maja"]
[Black "Somyk, Marcin"]
[Result "0-1"]
[WhiteTitle "II"]
[BlackTitle "I++"]
[WhiteElo "1114"]
[BlackElo "1965"]

1. e4 c5 2. Nf3 e6 3. d4 cxd4 4. Nxd4 a6 5. Nc3 Qc7 6. Be3 Nf6 7. Qd2 Bb4 8. Bd3
d5 9. f3 e5 10. a3 Bxc3 11. Qxc3 Qxc3+ 12. bxc3 exd4 13. cxd4 Be6 14. e5 Nfd7
15. f4 g6 16. O-O Nc6 17. f5 gxf5 18. Bxf5 Ne7 19. Bxe6 fxe6 20. Rab1 b5 21. Rb4
Nf5 22. Bg5 Rg8 23. Bf6 Rc8 24. Rf2 Nxf6 25. exf6 Rc4 26. Rb3 Rxd4 27. Re3 Rd1+
28. Rf1 Rxf1+ 29. Kxf1 Nxe3+ 30. Ke2 Nxc2 31. Kf3 e5 32. g4 Kf7 33. h4 Kxf6 34.
g5+ Kf5 35. h5 Rxg5 36. Ke2 Ke4 37. Kd2 Rg2+ 38. Kc1 Kd3 39. a4 Kc3 40. Kb1 Nb4
41. axb5 Rg1# 0-1

[Event "9. Miedzynardowy Turniej Klubu Polonia Wroclaw<br/>Turniej OPEN"]
[Site "Wroclaw"]
[Date "2014-07-05"]
[Round "1.33"]
[White "Kosinski, Bartosz"]
[Black "Szczepaniak, Lukasz"]
[Result "0-1"]
[WhiteTitle "II"]
[BlackTitle "I+"]
[WhiteElo "1539"]
[BlackElo "2055"]

1. e4 e5 2. Nf3 Nc6 3. d4 exd4 4. c3 d5 5. exd5 Qxd5 6. cxd4 Bg4 7. Nc3 Bb4 8.
Be2 Nf6 9. O-O Qa5 10. Qd3 O-O-O 11. Be3 Kb8 12. a3 Bd6 13. d5 Bxf3 14. b4 Bxe2
15. Qxe2 Qa6 16. Qxa6 bxa6 17. dxc6 Be5 18. Rac1 Rd3 19. Nb1 Rhd8 20. Rc5 Ng4
21. Bg5 Bxh2+ 22. Kh1 f6 23. f3 fxg5 24. fxg4 Bf4 25. Nc3 R8d6 26. g3 Rxg3 27.
Rf2 Rh6+ 28. Rh2 Rxh2+ 29. Kxh2 Rxc3+ 30. Kg2 Rxc5 31. bxc5 Be3 32. Kf3 Bxc5 33.
a4 a5 0-1

[Event "9. Miedzynardowy Turniej Klubu Polonia Wroclaw<br/>Turniej OPEN"]
[Site "Wroclaw"]
[Date "2014-07-05"]
[Round "2.1"]
[White "Grabarczyk, Miroslaw"]
[Black "Kulas, Szymon"]
[Result "1-0"]
[WhiteTitle "GM"]
[BlackTitle "I++"]
[WhiteElo "2469"]
[BlackElo "2005"]

1. d4 Nf6 2. c4 g6 3. Nf3 Bg7 4. g3 c6 5. Bg2 d5 6. Qb3 O-O 7. O-O Nbd7 8. cxd5
cxd5 9. Nc3 Nb6 10. Bf4 a6 11. Rac1 Nh5 12. Be5 e6 13. Bxg7 Kxg7 14. Ne5 Nf6 15.
a4 Nfd7 16. Rfd1 f6 17. Nxd7 Bxd7 18. e4 Bc6 19. a5 Nc4 20. exd5 exd5 21. Nxd5
Bxd5 22. Bxd5 Qxd5 23. Rxc4 Rf7 24. Qc3 Rd8 25. Rc5 Qd6 26. d5 Rfd7 27. Kg2 Qe7
28. Qc4 Rd6 29. b4 R8d7 30. h4 h5 31. b5 b6 32. axb6 Rxb6 33. d6 Qf7 34. bxa6
Qxc4 35. Rxc4 Rxa6 36. Rc7 Rxc7 37. dxc7 Rc6 38. Rd7+ Kh6 39. Rf7 g5 40. Rxf6+
1-0

[Event "9. Miedzynardowy Turniej Klubu Polonia Wroclaw<br/>Turniej OPEN"]
[Site "Wroclaw"]
[Date "2014-07-05"]
[Round "2.2"]
[White "Djuric, Stefan"]
[Black "Koszkul, Wojciech"]
[Result "0-1"]
[WhiteTitle "GM"]
[BlackTitle "I+"]
[WhiteElo "2393"]
[BlackElo "1987"]

1. e4 c6 2. Nc3 d6 3. d4 g6 4. Nf3 Bg7 5. Bc4 Nf6 6. e5 dxe5 7. Nxe5 Nd5 8. O-O
O-O 9. Re1 Be6 10. Ne4 Nc7 11. Bxe6 Nxe6 12. c3 Bxe5 13. dxe5 Nd7 14. Bh6 Re8
15. Qe2 Ndc5 16. Rad1 Qc7 17. Nxc5 Nxc5 18. f4 Red8 19. f5 Rxd1 20. Rxd1 Rd8 21.
Rf1 Nd3 22. Rd1 Nc5 23. Rf1 Nd3 24. Rd1 Nc5 25. Rd4 Rd5 26. b4 Rxd4 27. cxd4 Na6
28. b5 cxb5 29. Qxb5 Qc6 30. Qa5 Qc7 31. Qa4 Qc6 32. Qa5 Qc7 33. Qa4 Qc6 34. Qa3
Qd7 35. f6 Qxd4+ 36. Kf1 Qxe5 37. Qxe7 Qxe7 38. fxe7 Nc7 39. Be3 a6 40. Bb6 Ne8
41. Ke2 f5 42. Kd3 Kf7 43. Bc5 Nf6 44. Kc4 Ng8 45. Kd5 Nxe7+ 46. Kd6 b6 47. Be3
Kf6 48. Bd4+ Kf7 49. Be3 a5 50. Bg5 Ng8 51. Kc6 Nf6 52. Kxb6 Ne4 53. Bd2 Nxd2
0-1

[Event "9. Miedzynardowy Turniej Klubu Polonia Wroclaw<br/>Turniej OPEN"]
[Site "Wroclaw"]
[Date "2014-07-05"]
[Round "2.3"]
[White "Grela, Kacper"]
[Black "Zeberski, Jakub"]
[Result "1/2-1/2"]
[WhiteTitle "I+"]
[BlackTitle "IM"]
[WhiteElo "2007"]
[BlackElo "2348"]

1. e4 e5 2. Nf3 Nc6 3. Bb5 a6 4. Ba4 Nf6 5. O-O Be7 6. Re1 b5 7. Bb3 d6 8. c3 O-O
9. h3 Rb8 10. d4 exd4 11. cxd4 d5 12. exd5 Nxd5 13. Nc3 Nxc3 14. bxc3 Bf5 15.
Ne5 Nxe5 16. Rxe5 Bg6 17. Qg4 Bd6 18. Re2 Re8 19. Bg5 Qc8 20. Rae1 Rxe2 21. Rxe2
Qxg4 22. hxg4 Kf8 23. g3 a5 24. Bf4 a4 25. Bc2 Bxc2 26. Rxc2 b4 27. Kf1 Bxf4 28.
gxf4 b3 29. axb3 Rxb3 30. Ke2 h6 31. Kd3 a3 32. Ra2 Ke7 33. Kc2 Rb6 34. Rxa3 1/2-1/2

[Event "9. Miedzynardowy Turniej Klubu Polonia Wroclaw<br/>Turniej OPEN"]
[Site "Wroclaw"]
[Date "2014-07-05"]
[Round "2.4"]
[White "Banasik, Krzysztof"]
[Black "Starczewska, Dominika"]
[Result "1/2-1/2"]
[WhiteTitle "k"]
[BlackTitle "k"]
[WhiteElo "2292"]
[BlackElo "1981"]

1. e4 c5 2. Nf3 Nc6 3. Bb5 g6 4. Bxc6 bxc6 5. d4 Bg7 6. O-O cxd4 7. Nxd4 Qb6 8.
Nb3 d6 9. Be3 Qc7 10. Bd4 e5 11. Bc3 Nf6 12. Ba5 Qe7 13. Re1 Be6 14. Nc3 h5 15.
Qd3 O-O 16. Rad1 Ne8 17. Qa6 Rc8 18. Bb4 f5 19. Na5 c5 20. Ba3 Qf7 21. f3 Rb8
22. Qe2 Bf6 23. Nd5 Bh4 24. Rf1 f4 25. Qa6 Bc8 26. Qd3 Bd7 27. Nc3 Be6 28. b3
g5 29. Nc4 Bxc4 30. bxc4 g4 31. Rb1 Rxb1 32. Rxb1 Kh8 33. Nb5 Qg6 34. Rd1 Be7
35. Nxa7 Rg8 36. Nc6 Bf6 37. Bb2 h4 38. fxg4 Qxg4 39. Rd2 f3 40. Rf2 fxg2 41.
h3 Qc8 42. Rxf6 Nxf6 43. Qxd6 Qxh3 44. Qxf6+ Rg7 45. Qf8+ Kh7 46. Qf5+ Qxf5 47.
exf5 Rb7 48. Bxe5 h3 49. Kf2 Rb1 50. Bh2 Rf1+ 51. Kg3 g1=Q+ 52. Bxg1 Rxg1+ 53.
Kxh3 Ra1 54. Kg4 Rxa2 55. Kg5 Rxc2 56. Ne5 Re2 57. Kf6 Kg8 58. Ke6 Kf8 59. f6
Re4 60. Kd5 Re2 61. Kd6 Ke8 62. Ke6 Kf8 63. Kd5 Ke8 64. Ke6 Kf8 65. Kf5 Ke8 66.
Nd3 Rc2 67. Ke6 Rxc4 68. Ne5 Re4 69. f7+ 1/2-1/2

[Event "9. Miedzynardowy Turniej Klubu Polonia Wroclaw<br/>Turniej OPEN"]
[Site "Wroclaw"]
[Date "2014-07-05"]
[Round "2.5"]
[White "Kolasinski, Krzysztof"]
[Black "Janocha, Wieslaw"]
[Result "1-0"]
[WhiteTitle "I++"]
[BlackTitle "FM"]
[WhiteElo "1991"]
[BlackElo "2291"]

1. d4 e6 2. c4 Nf6 3. Nf3 Bb4+ 4. Bd2 a5 5. e3 Ne4 6. Bd3 f5 7. O-O O-O 8. a3 Be7
9. Nc3 d5 10. cxd5 exd5 11. Qb3 Nxd2 12. Nxd2 c6 13. f4 Nd7 14. Nf3 Nf6 15. Ne5
Bd6 16. Rf3 Qe7 17. Raf1 Be6 18. Rh3 Rae8 19. Qd1 g6 20. Rg3 Qg7 21. Qe1 Ne4 22.
Nxe4 fxe4 23. Be2 Be7 24. Qxa5 Bh4 25. Qb4 Bxg3 26. hxg3 Qe7 27. Qc3 Kg7 28. g4
Qh4 29. Qb4 Bc8 30. g5 Qg3 31. Qd2 Bh3 32. Bd1 h5 33. Rf2 Re7 34. Qb4 Rfe8 35.
Qd2 Bf5 36. Qe1 Ra8 37. Re2 Qxe1+ 38. Rxe1 Ra6 39. Re2 Re8 40. Rf2 Rea8 41. g4
hxg4 42. Bxg4 Bxg4 43. Nxg4 Rb6 44. Rc2 Rb3 45. Kf2 Ra6 46. Kg3 Rab6 47. Rh2 Rxb2
48. Rh6 R6b3 49. f5 gxf5 50. Nf6 f4+ 51. Kxf4 Rf2+ 52. Ke5 Rxe3 53. Ng4 Ref3 54.
Nxf2 Rxf2 55. Re6 Rd2 56. Re7+ Kg6 57. Rxb7 c5 58. Kxd5 e3 59. Kxc5 Kxg5 60. Re7
e2 61. d5 Rc2+ 62. Kd6 Kf6 63. Re3 Kf7 64. Kd7 Rc3 65. Rxe2 Rxa3 66. Rf2+ Kg7
67. d6 1-0

[Event "9. Miedzynardowy Turniej Klubu Polonia Wroclaw<br/>Turniej OPEN"]
[Site "Wroclaw"]
[Date "2014-07-05"]
[Round "2.6"]
[White "Kowalczyk, Mariusz"]
[Black "Kowalczyk, Rafal"]
[Result "0-1"]
[WhiteTitle "I"]
[BlackTitle "k"]
[WhiteElo "1987"]
[BlackElo "2200"]

1. e4 e5 2. Nf3 Nc6 3. Bb5 f5 4. Nc3 fxe4 5. Nxe4 Nf6 6. Nxf6+ Qxf6 7. Qe2 Be7
8. Bxc6 dxc6 9. Qxe5 Bg4 10. Qxf6 Bxf6 11. d3 O-O-O 12. Nd2 Rhe8+ 13. Kf1 Be2+
14. Kg1 Bxd3 15. cxd3 Re1+ 16. Nf1 Rxd3 17. g3 Rdd1 18. Kg2 Rxc1 19. Rxc1 Rxc1
20. b3 Rc2 21. Ne3 Rxa2 22. Rd1 c5 23. g4 Bd4 24. Rd3 Kd7 25. Kg3 Ke6 26. f4 g6
27. f5+ gxf5 28. Nxf5 Be5+ 29. Kh4 Rxh2+ 30. Kg5 b5 31. Re3 a5 32. Ng7+ Kd5 33.
Nf5 c4 34. Ne7+ Kd6 35. Nf5+ Kd5 36. Ne7+ Kd6 37. Nf5+ Ke6 38. Nd4+ Kd5 39. Nxb5
cxb3 40. Rxb3 Kc4 41. Rb1 Rb2 42. Rxb2 Bxb2 43. Nxc7 a4 44. Ne8 Be5 45. Kh6 a3
46. Kxh7 a2 47. g5 a1=Q 48. g6 Qh1+ 49. Kg8 Qh5 0-1

[Event "9. Miedzynardowy Turniej Klubu Polonia Wroclaw<br/>Turniej OPEN"]
[Site "Wroclaw"]
[Date "2014-07-05"]
[Round "2.7"]
[White "Kubien, Jerzy"]
[Black "Dzikowski, Michal"]
[Result "1-0"]
[WhiteTitle "FM"]
[BlackTitle "I"]
[WhiteElo "2185"]
[BlackElo "1968"]

1. e4 e6 2. Qe2 b6 3. Nf3 Bb7 4. Nc3 c5 5. d3 d6 6. g3 Nf6 7. Bg2 Be7 8. O-O O-O
9. Re1 Nc6 10. h3 Re8 11. Bf4 Rc8 12. Qd1 e5 13. Bg5 Nd4 14. a4 a6 15. Ne2 Nxf3+
16. Bxf3 Nd7 17. Be3 Nf8 18. Bg2 d5 19. exd5 Bxd5 20. Nc3 Bxg2 21. Kxg2 Qd6 22.
Qf3 Ne6 23. Re2 Nd4 24. Bxd4 exd4 25. Ne4 Qc6 26. b3 g6 27. Rae1 Qd7 28. h4 Kg7
29. h5 f5 30. Nd2 b5 31. axb5 axb5 32. Re6 Bf8 33. R6e2 Rxe2 34. Qxe2 Qd5+ 35.
Nf3 Rc7 36. Qe8 g5 37. Re5 Qc6 38. Qxc6 Rxc6 39. Rxf5 h6 40. Ne5 Rc7 41. Ng4 Be7
42. Re5 Bf8 43. Re6 Kh7 44. Rb6 b4 45. Nf6+ Kh8 46. Rb8 Rf7 47. Ne4 Kg7 48. Rc8
Rf5 49. Rc7+ Kh8 50. g4 Re5 51. Kf3 Re6 52. Nxc5 Rf6+ 53. Ke2 1-0

[Event "9. Miedzynardowy Turniej Klubu Polonia Wroclaw<br/>Turniej OPEN"]
[Site "Wroclaw"]
[Date "2014-07-05"]
[Round "2.8"]
[White "Grossmann, Ryszard"]
[Black "Krokay, Urszula"]
[Result "1-0"]
[WhiteTitle "FM"]
[BlackTitle "k"]
[WhiteElo "2150"]
[BlackElo "1961"]

1. d4 Nf6 2. Nf3 e6 3. g3 b6 4. Bg2 Bb7 5. O-O d5 6. c4 c6 7. Nc3 Be7 8. Bf4 a6
9. Qb3 O-O 10. Rfd1 Nbd7 11. Rac1 Nh5 12. Bd2 f5 13. cxd5 cxd5 14. Na4 b5 15.
Nc5 Nxc5 16. dxc5 Rc8 17. Qe3 Rf6 18. b4 Kh8 19. Bc3 Rh6 20. Qxh6 Kg8 21. Qe3
Kh8 22. Qh6 Nf6 23. Qd2 Nh5 24. Qh6 Nf6 25. Qh3 Qe8 26. Ng5 1-0

[Event "9. Miedzynardowy Turniej Klubu Polonia Wroclaw<br/>Turniej OPEN"]
[Site "Wroclaw"]
[Date "2014-07-05"]
[Round "2.10"]
[White "Logallo, Claudio"]
[Black "Dadello, Aleksandra"]
[Result "1/2-1/2"]
[WhiteTitle ""]
[BlackTitle "I++"]
[WhiteElo "2074"]
[BlackElo "1880"]

1. e4 e6 2. d4 d5 3. Nc3 Nf6 4. Bg5 Be7 5. e5 Nfd7 6. h4 a6 7. Qg4 Bxg5 8. hxg5
c5 9. dxc5 Nxe5 10. Qg3 Nbd7 11. O-O-O Qa5 12. f4 Nc6 13. g6 fxg6 14. Rxh7 Rxh7
15. Qxg6+ Kd8 16. Qxh7 Qxc5 17. Nh3 Kc7 18. Qxg7 Kb8 19. a3 Nb6 20. Qg3 Ka7 21.
Qf2 Qxf2 22. Nxf2 Bd7 23. Bd3 Rg8 24. Rg1 e5 25. fxe5 Nxe5 26. Be2 Rg3 27. Nh1
Rg7 28. Nf2 Rg3 29. Nh1 1/2-1/2

[Event "9. Miedzynardowy Turniej Klubu Polonia Wroclaw<br/>Turniej OPEN"]
[Site "Wroclaw"]
[Date "2014-07-05"]
[Round "2.11"]
[White "Szczepaniak, Lukasz"]
[Black "Rostolis, Riccardo"]
[Result "1-0"]
[WhiteTitle "I+"]
[BlackTitle ""]
[WhiteElo "2055"]
[BlackElo "1870"]

1. e4 c5 2. Nf3 Nc6 3. d4 cxd4 4. Nxd4 Nf6 5. Nc3 e5 6. Ndb5 d6 7. Bg5 a6 8. Bxf6
gxf6 9. Na3 b5 10. Nd5 f5 11. c3 Bg7 12. exf5 Bxf5 13. Nc2 Be6 14. Nce3 O-O 15.
a4 bxa4 16. Rxa4 a5 17. Bb5 Rc8 18. O-O Kh8 19. Qe2 f5 20. f4 Ne7 21. Nxe7 Qxe7
22. Rxa5 exf4 23. Nc4 Rc5 24. b4 Rd5 25. Re1 Be5 26. Nb6 f3 27. Nxd5 Bxd5 28.
gxf3 Rg8+ 29. Kf1 Qg5 30. Qf2 Bxc3 31. Bd3 Bxf3 32. Rxf5 Bg2+ 33. Kg1 Qg7 34.
Re3 Bd4 35. Rf4 Bxe3 36. Qxe3 Bh3+ 37. Kf2 Qg1+ 38. Ke2 Rg2+ 39. Kf3 Bg4+ 40.
Ke4 Qxe3+ 41. Kxe3 Bh5 42. Rh4 Bg6 43. Bxg6 Rxg6 44. Kd4 Kg7 45. Kd5 h6 46. Kc6
Kf6 47. b5 Ke7 48. Kc7 Rg5 49. Re4+ Kf6 50. b6 d5 51. Rb4 Ke5 52. b7 Rg7+ 53.
Kc6 Rg6+ 54. Kc5 1-0

[Event "9. Miedzynardowy Turniej Klubu Polonia Wroclaw<br/>Turniej OPEN"]
[Site "Wroclaw"]
[Date "2014-07-05"]
[Round "2.12"]
[White "Teclaf, Pawel"]
[Black "Kanicki, Krzysztof"]
[Result "1/2-1/2"]
[WhiteTitle "CM"]
[BlackTitle "I"]
[WhiteElo "1920"]
[BlackElo "2028"]

1. e4 c5 2. Nf3 Nc6 3. d4 cxd4 4. Nxd4 Nf6 5. Nc3 d6 6. g3 g6 7. Bg2 Nxd4 8. Qxd4
Bg7 9. O-O O-O 10. Qd3 Be6 11. Be3 Ng4 12. Bd4 Bxd4 13. Qxd4 Qb6 14. Rfd1 Qxd4
15. Rxd4 Rac8 16. Rc1 Rc5 17. Nd5 Bxd5 18. Rxd5 Rxd5 19. exd5 Rc8 20. Bh3 f5 21.
Bxg4 fxg4 22. c4 a5 23. Re1 Kf7 24. Re4 h5 25. b3 Rc5 26. a4 Rc8 27. Kf1 g5 28.
Ke2 Rf8 29. Re6 Rh8 30. Kd3 h4 31. Re4 hxg3 32. hxg3 Rh2 33. Rxg4 Rxf2 34. Rxg5
Rf3+ 35. Kc2 Kf6 36. Rg8 Ke5 37. Re8 Kd4 38. Rxe7 Rc3+ 39. Kb2 Rxg3 40. Rxb7 Rg2+
41. Kc1 Kd3 42. Rh7 Kc3 43. Rh3+ Kb4 44. Kd1 Rb2 45. Rd3 Rh2 46. Ke1 Rb2 47. Kf1
Kc5 48. Rf3 Kb4 49. Kg1 Kc5 50. Kh1 Kb4 1/2-1/2

[Event "9. Miedzynardowy Turniej Klubu Polonia Wroclaw<br/>Turniej OPEN"]
[Site "Wroclaw"]
[Date "2014-07-05"]
[Round "2.13"]
[White "Dmochowska, Agnieszka"]
[Black "Puszczewicz, Krzysztof"]
[Result "1/2-1/2"]
[WhiteTitle "WCM"]
[BlackTitle "k"]
[WhiteElo "1876"]
[BlackElo "2026"]

1. e4 d6 2. d4 g6 3. Nc3 Bg7 4. f4 Nf6 5. Nf3 O-O 6. Be2 b6 7. O-O Bb7 8. e5 dxe5
9. fxe5 Nd5 10. Nxd5 Bxd5 11. c4 Bb7 12. b3 Nc6 13. Bb2 e6 14. Qd2 Ne7 15. Rad1
Nf5 16. Qd3 Qe7 17. Rfe1 Rfd8 18. Qc3 Bh6 19. Bc1 Bxc1 20. Qxc1 c5 21. Qf4 Rd7
22. g4 Nxd4 23. Nxd4 cxd4 24. Bf3 Bxf3 25. Qxf3 Rad8 26. Rd3 Qa3 27. Qf2 Qc5 28.
Re4 b5 29. cxb5 Qxb5 30. Rdxd4 Rxd4 31. Rxd4 Rd5 32. Rxd5 Qxd5 1/2-1/2

[Event "9. Miedzynardowy Turniej Klubu Polonia Wroclaw<br/>Turniej OPEN"]
[Site "Wroclaw"]
[Date "2014-07-05"]
[Round "2.14"]
[White "Dobrowolski, Aleksander"]
[Black "Kaczmarczyk, Jakub"]
[Result "1-0"]
[WhiteTitle "m"]
[BlackTitle "II"]
[WhiteElo "2281"]
[BlackElo "1506"]

1. e4 c6 2. d4 d5 3. Nd2 dxe4 4. Nxe4 Nd7 5. Ng5 Ngf6 6. Bd3 e6 7. N1f3 h6 8. Nxe6
fxe6 9. Bg6+ Ke7 10. O-O Qc7 11. Re1 Nb6 12. Ne5 Bd7 13. Nf7 Rg8 14. b3 c5 15.
dxc5 Nbd5 16. c4 Nb4 17. a3 Na6 18. b4 Ne8 19. Bb2 Nxc5 20. bxc5 Qxc5 21. a4 Qxc4
22. Ba3+ Kf6 23. Qf3+ 1-0

[Event "9. Miedzynardowy Turniej Klubu Polonia Wroclaw<br/>Turniej OPEN"]
[Site "Wroclaw"]
[Date "2014-07-05"]
[Round "2.15"]
[White "Lascar, Radoslawa"]
[Black "Weichhold, Pawel"]
[Result "0-1"]
[WhiteTitle "I"]
[BlackTitle "m"]
[WhiteElo "1705"]
[BlackElo "2402"]

1. e4 c5 2. c3 d5 3. exd5 Qxd5 4. d4 Nf6 5. Nf3 e6 6. Bd3 Be7 7. O-O O-O 8. Re1
Nc6 9. b3 b6 10. Bb2 cxd4 11. cxd4 Bb7 12. Nbd2 Rfd8 13. Ne4 Rac8 14. Rc1 h6 15.
Bb1 Qd7 16. Nxf6+ Bxf6 17. Qd3 g6 18. Qe3 Bg7 19. Ne5 Qe8 20. Be4 Ba8 21. Qf3
Ne7 22. Bxa8 Rxa8 23. Rc2 Rac8 24. Rec1 Rxc2 25. Rxc2 Nd5 26. g3 Bxe5 27. dxe5
Rc8 28. Qd1 Kg7 29. a3 Qd7 30. Qc1 Rxc2 31. Qxc2 Qb5 32. Kg2 a5 33. Bd4 h5 34.
Qc4 Qd7 35. Qd3 Qc6 36. Kh3 Qc1 37. Qb5 Qg1 38. Qd3 Nf4+ 0-1

[Event "9. Miedzynardowy Turniej Klubu Polonia Wroclaw<br/>Turniej OPEN"]
[Site "Wroclaw"]
[Date "2014-07-05"]
[Round "2.16"]
[White "Nowak, Kamil"]
[Black "Reza, Wojciech"]
[Result "0-1"]
[WhiteTitle "I"]
[BlackTitle "I++"]
[WhiteElo "1833"]
[BlackElo "2168"]

1. e4 e5 2. Nf3 Nc6 3. Bb5 a6 4. Bxc6 dxc6 5. O-O Ne7 6. Nxe5 Qd4 7. Qh5 g6 8.
Qg5 Bg7 9. Nf3 Qxe4 10. Re1 Qb4 11. d4 Be6 12. c3 Qb6 13. Nbd2 h6 14. Qe3 O-O-O
15. Ne5 Nf5 16. Qe2 Rhe8 17. Qf1 c5 18. Ndc4 Qa7 19. Be3 cxd4 20. cxd4 Kb8 21.
Rad1 Rd5 22. Qd3 Red8 23. Qc3 Nxd4 24. f4 Ka8 25. Kf2 c5 26. Qa5 Kb8 27. Nb6 R5d6
28. Qxc5 Qxb6 29. Qxb6 Rxb6 30. Rxd4 Rxb2+ 31. Re2 Rxe2+ 32. Kxe2 Rxd4 33. Bxd4
Kc7 34. a3 Bf8 35. Bb2 Kb6 36. Kd3 Kb5 37. g4 Ka4 38. Ke4 Bxa3 39. Bc3 b5 40.
f5 gxf5+ 41. gxf5 Ba2 42. h4 b4 43. Bd4 b3 44. Nxf7 b2 45. Bxb2 Bxb2 46. Nxh6
Bb1+ 47. Kd5 Bg7 48. Nf7 Bxf5 49. Nd6 Bg6 50. h5 Bxh5 0-1

[Event "9. Miedzynardowy Turniej Klubu Polonia Wroclaw<br/>Turniej OPEN"]
[Site "Wroclaw"]
[Date "2014-07-05"]
[Round "2.17"]
[White "Khamidov, Komil"]
[Black "Korpalski, Maciej"]
[Result "1-0"]
[WhiteTitle "I++"]
[BlackTitle "II+"]
[WhiteElo "2098"]
[BlackElo "1745"]

1. Nf3 Nf6 2. b3 g6 3. Bb2 Bg7 4. g3 O-O 5. Bg2 d6 6. d4 Nbd7 7. O-O Nh5 8. c4
e5 9. Qc2 f5 10. dxe5 dxe5 11. e3 Qe7 12. Ba3 c5 13. Nc3 Nb6 14. Rad1 Be6 15.
Rd2 g5 16. Rfd1 f4 17. Ne4 Rac8 18. Nexg5 Bf5 19. e4 Bd7 20. Rxd7 Nxd7 21. Bh3
Ndf6 22. Be6+ Kh8 23. Nxe5 Qc7 24. Nef7+ Rxf7 25. Nxf7+ Kg8 26. Nd6+ Kh8 27. Bxc8
1-0

[Event "9. Miedzynardowy Turniej Klubu Polonia Wroclaw<br/>Turniej OPEN"]
[Site "Wroclaw"]
[Date "2014-07-05"]
[Round "2.18"]
[White "Wozniak, Mariola"]
[Black "Marko, Piotr"]
[Result "1-0"]
[WhiteTitle "WCM"]
[BlackTitle "II"]
[WhiteElo "2092"]
[BlackElo "1628"]

1. e4 e5 2. Nf3 Nc6 3. Bb5 a6 4. Ba4 Nf6 5. O-O b5 6. Bb3 Bc5 7. c3 d6 8. Re1 O-O
9. d4 Bb6 10. a4 Rb8 11. axb5 axb5 12. h3 Bb7 13. Na3 exd4 14. cxd4 Na5 15. Bc2
Qe8 16. e5 dxe5 17. dxe5 Nd5 18. Qd3 g6 19. Bh6 Nb4 20. Qc3 c5 21. Bxf8 Nxc2 22.
Bh6 Nd4 23. Nxd4 cxd4 24. Qg3 Qe6 25. Nxb5 Nb3 26. Rad1 Ba5 27. Nd6 Bxe1 28. Rxe1
Ba6 29. Ne4 d3 30. Ng5 Qf5 31. e6 d2 32. Qxb8+ 1-0

[Event "9. Miedzynardowy Turniej Klubu Polonia Wroclaw<br/>Turniej OPEN"]
[Site "Wroclaw"]
[Date "2014-07-05"]
[Round "2.19"]
[White "Lipski, Lukasz"]
[Black "Oszczanowski, Witold"]
[Result "0-1"]
[WhiteTitle "II+"]
[BlackTitle "I++"]
[WhiteElo "1595"]
[BlackElo "2086"]

1. e4 e6 2. d4 d5 3. e5 c5 4. c3 Nc6 5. Nf3 Bd7 6. a3 f6 7. exf6 Nxf6 8. Be2 Bd6
9. Bg5 O-O 10. O-O Qc7 11. Re1 Rae8 12. h3 Re7 13. c4 cxd4 14. cxd5 exd5 15. Bxf6
Rxf6 16. Nxd4 Nxd4 17. Qxd4 Bc5 18. Qxd5+ Be6 19. Qd2 Bxf2+ 20. Kh1 Bxe1 21. Qxe1
Bc4 22. Nc3 Bxe2 23. Nxe2 Qe5 24. Qc3 Qxe2 0-1

[Event "9. Miedzynardowy Turniej Klubu Polonia Wroclaw<br/>Turniej OPEN"]
[Site "Wroclaw"]
[Date "2014-07-05"]
[Round "2.20"]
[White "Ochowicz, Jakub"]
[Black "Guzewicz, Rafal"]
[Result "1/2-1/2"]
[WhiteTitle "II"]
[BlackTitle "I+"]
[WhiteElo "1692"]
[BlackElo "2076"]

1. e4 c6 2. d4 d5 3. Nc3 dxe4 4. Nxe4 Bf5 5. Ng3 Bg6 6. h4 h6 7. Nf3 Nd7 8. h5
Bh7 9. Bd3 Bxd3 10. Qxd3 e6 11. Bf4 Qa5+ 12. c3 Ngf6 13. b4 Qb5 14. Qxb5 cxb5
15. a4 bxa4 16. Rxa4 Nb6 17. Ra2 a6 18. Kd2 Rc8 19. Kd3 Nbd5 20. Ne2 Bxb4 21.
Bd2 Bd6 22. Rb1 Rb8 23. c4 Nc7 24. Rb6 Be7 25. Rab2 O-O 26. Bf4 Rfc8 27. Rxb7
Rxb7 28. Rxb7 Bd8 29. Ne5 Nxh5 30. Bh2 Nf6 31. Nc6 Nce8 32. Nxd8 Rxd8 33. Ra7
Nd6 34. Rxa6 Nde4 35. Ke3 Rc8 36. c5 Nxc5 37. dxc5 Ng4+ 38. Kd4 Nxh2 39. c6 Ng4
40. Kc5 Ne5 41. Kd6 Nxc6 42. Rxc6 Rd8+ 43. Ke7 Rd2 44. Nc3 Rxf2 45. Ne4 Rxg2 46.
Rc8+ Kh7 47. Kxe6 fxe6 1/2-1/2

[Event "9. Miedzynardowy Turniej Klubu Polonia Wroclaw<br/>Turniej OPEN"]
[Site "Wroclaw"]
[Date "2014-07-05"]
[Round "2.21"]
[White "White, John"]
[Black "Kowalczyk, Mateusz"]
[Result "1-0"]
[WhiteTitle "II+"]
[BlackTitle "II+"]
[WhiteElo "1973"]
[BlackElo "1608"]

1. e4 e5 2. Nf3 Nc6 3. Bc4 Bc5 4. c3 Nf6 5. d3 O-O 6. Bb3 d6 7. h3 a6 8. Nbd2 Ba7
9. Nf1 d5 10. exd5 Nxd5 11. Ng3 Nf4 12. Bxf4 exf4 13. Ne4 Be6 14. O-O h6 15. d4
Ne7 16. Re1 Nf5 17. Qd2 g5 18. Rad1 Ng7 19. Qe2 Re8 20. Bxe6 Rxe6 21. Qc4 c6 22.
d5 cxd5 23. Rxd5 Qb6 24. Rd7 Rae8 25. Nd4 R6e7 26. Rxe7 Rxe7 27. Qc8+ Kh7 28.
Nxg5+ hxg5 29. Rxe7 Qxb2 30. Rxf7 Qb1+ 31. Kh2 Bxd4 32. cxd4 Qe4 33. Qd7 Qg6 34.
Qxb7 Kh6 35. d5 g4 36. Qc6 1-0

[Event "9. Miedzynardowy Turniej Klubu Polonia Wroclaw<br/>Turniej OPEN"]
[Site "Wroclaw"]
[Date "2014-07-05"]
[Round "2.23"]
[White "Gajewski, Zbigniew"]
[Black "Daniel, Damian"]
[Result "0-1"]
[WhiteTitle "II"]
[BlackTitle "I"]
[WhiteElo "1427"]
[BlackElo "1869"]

1. e4 c6 2. d4 d5 3. Nc3 dxe4 4. Nxe4 Nd7 5. Bc4 Ngf6 6. Qe2 Nxe4 7. Qxe4 Nf6 8.
Qe2 Qxd4 9. c3 Qg4 10. Nf3 Qh5 11. h3 e6 12. Bf4 Be7 13. O-O-O O-O 14. g4 Qa5
15. b4 Qa3+ 16. Kb1 Qxc3 17. Bd2 Qa3 18. Bc1 Qxb4+ 19. Bb2 Nd5 20. Qc2 Bf6 21.
Nd4 c5 22. a3 Qb6 23. Nb3 Bxb2 24. Qxb2 Bd7 25. Bxd5 exd5 26. f4 Ba4 0-1